| 000 | 00920nam a2200253 a 4500 | ||
|---|---|---|---|
| 001 | 72884 | ||
| 003 | BD-RjUL | ||
| 005 | 20211209082324.0 | ||
| 008 | 170524s1965 ii 000 0 eng d | ||
| 035 | _a(BD-RjUL)73102 | ||
| 040 |
_aBD-RjUL _beng _cBD-RjUL _dBD-RjUL |
||
| 041 | _aeng | ||
| 082 |
_223 _a539.72164 _bDAN 1965 |
||
| 100 | 1 |
_aDalitz, R. H. _q(Richard Henry), _d1925-2006 _9215582 |
|
| 245 | 1 | 0 |
_aNuclear interactions of the hyperons / _cR.H. Dalitz. |
| 260 |
_aBombay : _bOxford University Press for the Tata Institute of Fundamental Research, _c1965. |
||
| 300 |
_a106 p. : _bill. ; _c25 cm. |
||
| 490 | 1 |
_aStudies in physics / Tata Institute of Fundamental Research ; _v2. |
|
| 504 | _aIncludes bibliographical references. | ||
| 650 | 0 |
_aHyperons. _9215583 |
|
| 650 | 0 |
_aNuclear reactions. _9215584 |
|
| 830 | 0 |
_aStudies in physics (Tata Institute of Fundamental Research) ; _v2 _9215585 |
|
| 942 |
_2ddc _cBK |
||
| 999 |
_c72884 _d72884 |
||